000 00651nam a2200241 a 4500
001 nice12345678
003 IN_TiNIC
005 20260116013608.0
008 070703s1970 bera grp 000 0 eng
020 _a0520029712
_c420
082 0 0 _a297.1977
_bLAR
100 _aLaroui, Abdallah
245 _aCrisis of the Arab Intellectual
_b Traditionalism or Historicism?
260 _aBerkeley
_bUniversity of California Press
_c1970
300 _a180p
500 _aincludes index and biblioraphy
505 2 _aglossary
650 _aIslam and Politics
700 1 _aLaroui, Abdallah
902 _bSRS
942 _cBK
999 _c11597
_d11597